| 000 | 00855nam a22002177a 4500 | ||
|---|---|---|---|
| 003 | BD-DhUL | ||
| 005 | 20200304110527.0 | ||
| 008 | 161018s2008 ii ||||| |||| 000 0 ben d | ||
| 040 |
_cBD-DhUL _aBD-DhUL |
||
| 082 |
_a891.44 _bDAB |
||
| 100 | 1 | _aদত্ত ,ভবতোষ। | |
| 245 | 0 | 0 |
_aবাঙালির সাহিত্য / _cভবতোষ দত্ত। |
| 250 | _a২য় পরিবর্ধিত ও পরিমার্জিত সং.। | ||
| 260 |
_aকলিকাতা : _bপুস্তক বিপণি, _c২০০৮। |
||
| 300 |
_a২৫৫ পৃ. ; _c২২ সেমি |
||
| 365 |
_aIRS _b160.00 |
||
| 504 | _aগ্রন্থপঞ্জিগত তথ্য সংবলিত। | ||
| 650 | 0 | _aবাংলা সাহিত্য। | |
| 650 | 0 | _aBangla Literature. | |
| 942 |
_2ddc _cBK |
||
| 999 |
_c244945 _d244945 |
||